000 00712cab a2200217 4500
001 ABS44877
008 090401t1991 xxu||||| |||| 00| 0 eng d
035 _a(Sirsi) u49650
041 _aeng
100 _aBharwani, B.
245 _aMaking foreign friends
260 _c1991
350 _a0
490 _aAsian Property
_vMay 1991, 28-31(4)
520 _aReports on efforts by Shanghai to resume its position as a premier financial and commercial centre by improving its infrastructure and attracting overseas investment and examines its relationship with Hong Kong .
650 _aCHINA
650 _aFOREIGN INVESTMENT
690 _aOVERSEAS-REST OF THE WORLD
942 _n0
948 _c04/03/1997
999 _c31084
_d31084